000 00420nam a2200169Ia 4500
003 GCL
008 140319s9999 xx 000 0 eng d
040 _aGCL /
_cGCL
082 0 4 _a843
_bRP
100 1 _aRABELAIS, FRANCOIS
245 1 0 _aPANTAGRUEL /
_cRABELAIS, FRANCOIS
260 _a[S.N] :
_bLE LIVRE DE POCHE ،
_c1994
300 _a479
650 0 4 _aLITERATURE
650 0 4 _aFRENCH LITERATURE
942 _2ddc
_cBK
999 _c25300
_d25300